000 00713nam a2200229Ia 4500
005 20260601193257.0
008 260601s9999||||xx |||||||||||||| ||und||
020 _a978-3-031-71142-8
_qebk
100 _aMurat Yilmaz
245 0 _aSystems, Software and Services Process Improvement
250 _a2024
260 _aHeidelberg, Germany
_bSpringer Nature
_c2024
440 _aCommunications in Computer and Information Science
650 _aComputer Science
700 _aAndreas Riel
700 _aChristian Greiner
700 _aPaul Clarke
700 _aRichard Messnarz
700 _aThomas Peisl
856 _uhttps://link.springer.com/openurl?genre=book&isbn=978-3-031-71142-8
942 _cEB
_2ddc
999 _c56902
_d56902